000 00502cam a2200217ua 4500
001 7951
005 20260515114255.0
008 150102n ii |||gr||||Z||||||hin
020 _a8173155658
040 _cMAIN
041 _ahin
082 _a954
100 _aKalam, A.P.J.A.,
_eAuthor.
245 1 _aMahashakti bharat
_cBy A.P.J.A. Kalam
250 _a1st.
260 _aNew Delhi:
_bPrabhat,
_c2010.
300 _a126p.
653 _aSouth Asia India
653 _aMission India
942 _cBK
999 _c7066
_d7066